[Event "Taastrup Quick Weekend 1st C"]
[Site "Taastrup"]
[Date "2005.04.10"]
[Round "4"]
[White "Hansen, Flemming"]
[Black "Wadtland, Flemming"]
[Result "0-1"]
[WhiteElo "1168"]
[BlackElo "1100"]
[PlyCount "110"]
[EventDate "2005.04.08"]
[EventType "swiss"]
[EventRounds "5"]
[EventCountry "DEN"]
[SourceTitle "EXT 2023"]
[Source "ChessBase"]
[SourceDate "2022.10.05"]
[SourceVersion "1"]
[SourceVersionDate "2022.10.05"]
[SourceQuality "1"]

1. d4 d5 2. e3 g6 3. c4 Nf6 4. Nc3 Bg7 5. Nf3 Bf5 6. Bd3 Bg4 7. h3 Bh5 8. Be2 c6 9. Bd2 Qc8 10. Ne5 Bxe2 11. Qxe2 0-0 12. a4 Kh8 13. b4 Ng8 14. c5 f6 15. Ng4 h5 16. Nh2 Nd7 17. 0-0 e5 18. Qd3 e4 19. Nxe4 dxe4 20. Qxe4 f5 21. Qf3 Ne7 22. Bc3 Nd5 23. Rfc1 N7f6 24. e4 Nxe4 25. Qd3 Bh6 26. Rc2 Nexc3 27. Rxc3 Nxc3 28. Qxc3 Bg7 29. Nf3 Qd8 30. Rd1 Kh7 31. h4 Bf6 32. g3 Re8 33. Qd2 Re4 34. Kg2 Qd5 35. Kh3 Rd8 36. Ng5+ Bxg5 37. Qxg5 Rxd4 38. Qe7+ Kg8 39. Re1 Re4 40. Rxe4 fxe4 41. Qf6 Qf5+ 42. Qxf5 gxf5 43. b5 cxb5 44. axb5 Rd3 45. Kg2 Rc3 46. b6 axb6 47. cxb6 Rc2 48. Kf1 Rb2 49. Ke1 Rxb6 50. Ke2 Rb3 51. Kd2 Rf3 52. Ke2 b5 53. Kf1 b4 54. Kg2 b3 55. g4 fxg4 0-1